Condom - Choix Multiples - Statistiques

Statistiques générales
  • Ce quiz a été pris 7 fois
  • Le résultat moyen est 6 sur 10
Statistiques - réponses
Question Réponse % Correct
Dans quel sport la ville se hisse-t-elle en Régionale 1 ? Le rugby
100%
Lequel de ces monuments ne se trouve PAS à Condom ?
71%
Condom doit sa prospérité passée à quel alcool ? L'armagnac
71%
Quel incontournable film à propos de l'évasion du patron d'une entreprise de toilettes du Jura se déroule (fictivement) à Condom ? Le Bonheur est dans le pré
71%
Quel fleuve traverse la ville ? La Baïse
57%
Quel festival international y attire pas moins de 50 000 festivaliers chaque mois de mai ? Les Bandas
57%
Sur le même thème, quelle comédie faisant apparaître Jean Lassalle y a été tourné en 2023 ? Super-bourrés
57%
Dans quel petit pays, ancienne voie reliant Bordeaux aux Pyrénées, se trouve Condom ? La Ténarèze
43%
Lequel de ces lieux-dits est un intrus ? Pompogne
29%
Quelle chanteuse anglaise, dite "prêtresse" du rock gothique, connue pour "Peek-a-Boo" ou encore "Kiss Them For Me", vécut 20 ans à Condom ? Siouxsie Sioux
14%
Aucun quiz correspondant
Distribution des résultats
% des personnes avec chaque résultat
Percentile par nombre de réponses
Votre historique - résultats
Vous n’avez pas pris ce quiz